000 02194aam a2200277 i 4500
001 768714001
003 CO-MdFUSB
005 20211016122549.0
008 180704t1968 sp ||||| |||| 00| 0 eng d
020 _a84-7914-483-1 (Obra completa) : 84-7914-481-5 (tomo IV)
040 _aCO-MdFUSB
_bspa
_cCO-MdFUSB
_dCO-MdFUSBC
_erda
041 0 _aspa
082 0 4 _a270.092
245 1 0 _aPatrología
_c/ Presentación, Johannes Quasten ; dirigido por Angelo Di Berardino
264 1 _aMadrid, España :
_bBiblioteca de Autores Cristianos
_c[1968]
264 4 _c© 1968
300 _at.1, 752 p. ; t.2, 627 p. ; t.3, 790 p. ; t.4, 690 p.
_c; 22 cm
336 _atexto
_btxt
_2rdacontent
337 _2rdamedia
_asin mediación
_bn
338 _2rdacarrier
_avolumen
_bnc
500 _aTítulo original en italiano: Patrología
505 _a\Tomo I: Los origenes de la literatura cristiana -- Literatura atenicena despues de Ireno \ Tomo II: Los escritores de Alejandría y Egipto -- Los fundadores del monaquismo egipcio -- Los escritores de Asia Menor -- Los escritores de Antioquia y Siria \ Tomo III: El nuevo rumbo del siglo IV / A. Hamman -- Hilario de Poitiers y la crisis arriana en Occidente. Polemistas y herejes / M. Simonetti -- Ambrosio de Milán, Ambrosiáster y Nicetas / M. G. Mara -- Las traducciones. Jerónimo y Rufino / J. Gribomont -- La poesía cristiana / di Berardino -- San Agustín / A. Trape -- La controversia pelagiana / V. Grossi -- Escritores de Galias y de Península Ibérica / A. Hamman -- Escritores de Italia hasta San León Magno / B. Studer \ Tomo IV: Del concilio de Calcedonia (451) a Beda. Los Padres latinos / Angelo Di Berardino -- El Occidente latino. De León Magno a Beda -- Literatura cristiana Áfricana / Manlio Simonetti -- Escritores de Península Ibérica / Manuel C. Díaz y Díaz -- Escritores de Italia / Paolo Siniscalco, Ubaldo Pizzani, Angelo Di Berardino -- Escritores de Galia / Yitzhak Hen -- Inglaterra, Irlanda, Germania / Gillian R. Evans -- Literatura gótica / Bruno Luiselli -- Literatura canónica, penitencial y litúrgica / Angelo Di Berardino
653 _aPadres de la iglesia
942 _cREF
945 _aEstudiante
999 _c39871
_d39871